Clash Royale Cards - Statistics

General Stats
  • This quiz has been taken 41 times
  • The average score is 47 of 102
Answer Stats
Elixir Card % Correct
1 Skeletons
87%
1 Ice Spirit
79%
7 Mega Knight
79%
2 Goblins
76%
3 Knight
76%
7 P.E.K.K.A
71%
3 Archers
68%
2 Log
68%
5 Prince
68%
3 Skeleton Army
68%
2 Zap
68%
3 Arrows
66%
5 Giant
66%
3 Ice Wizard
66%
4 Electro Wizard
63%
1 Heal Spirit
63%
4 Hog Rider
63%
1 Electro Spirit
61%
4 Fireball
61%
8 Golem
61%
4 Mini P.E.K.K.A
61%
? Mirror
61%
2 Spear Goblins
61%
3 Cannon
58%
3 Goblin Barrel
58%
6 Lightning
58%
2 Rage
58%
6 Rocket
58%
5 Witch
58%
5 Barbarians
55%
4 Dark Prince
55%
8 Electro Giant
55%
3 Princess
55%
2 Barbarian Barrel
53%
7 Barbarian Hut
53%
2 Bats
53%
5 Goblin Hut
53%
4 Inferno Dragon
53%
4 Lumberjack
53%
4 Musketeer
53%
5 Ram Rider
53%
9 Three Musketeers
53%
5 Wizard
53%
5 Inferno Tower
50%
7 Lava Hound
50%
3 Minions
50%
4 Baby Dragon
47%
3 Bandit
47%
3 Goblin Gang
47%
2 Ice Golem
47%
4 Night Witch
47%
6 Sparky
47%
2 Bomber
45%
4 Freeze
45%
6 Goblin Giant
45%
5 Graveyard
45%
6 Royal Giant
45%
4 Tesla
45%
6 Elite Barbarians
42%
4 Mother Witch
42%
4 Poison
42%
6 X-Bow
42%
3 Firecracker
39%
6 Giant Skeleton
39%
3 Miner
39%
5 Minion Horde
39%
5 Balloon
37%
4 Bomb Tower
37%
4 Hunter
37%
4 Magic Archer
37%
3 Royal Ghost
37%
4 Battle Healer
34%
5 Electro Dragon
34%
3 Elixir Golem
34%
5 Executioner
34%
4 Mortar
34%
4 Zappies
34%
3 Dart Goblin
32%
2 Fire Spirits
32%
2 Giant Snowball
32%
3 Skeleton Barrel
32%
2 Wall Breakers
32%
3 Clone
29%
6 Elixir Collector
29%
4 Goblin Cage
29%
4 Skeleton Dragons
29%
3 Tombstone
29%
3 Earthquake
26%
4 Furnace
26%
4 Battle Ram
24%
3 Fisherman
24%
3 Mega Minion
24%
5 Rascals
24%
5 Royal Hogs
24%
7 Royal Recruits
24%
3 Tornado
24%
5 Bowler
21%
4 Flying Machine
21%
3 Royal Delivery
21%
5 Cannon Cart
18%
3 Guards
18%
4 Valkryie
8%
No matching quizzes found
Score Distribution
Percent of People with Each Score
Percentile by Number Answered
Your Score History
You have not taken this quiz